Manual de bombas

Enregistré dans:
Détails bibliographiques
Format: Livre
Langue:espagnol
Publié: Barcelona Blume 1977
Sujets:
Tags: Ajouter un tag
Pas de tags, Soyez le premier à ajouter un tag!

MARC

LEADER 00000nam a2200000 a 4500
001 UCP0869
003 CL-VaPUC
008 990319e19770000SP |||||||||||||||||spa|d
082 0 4 |a 621.65  |b MAN  |2 21 
245 1 0 |a Manual de bombas 
300 |a 588 p 
942 |c BK 
945 |d 19990319 00:00:00  |a lriquelm 
260 |a Barcelona  |b Blume  |c 1977 
650 7 |a MAQUINARIA DE BOMBEO  |2 CL-VaPUC  |9 260377 
650 0 |a Manuales  |9 257144 
650 7 |a BOMBAS  |2 CL-VaPUC  |9 259418 
583 |a last modification  |c 19990319 00:00:00  |k Rodrigo Vera 
999 |c 279608  |d 279606 
952 |0 0  |1 0  |4 0  |6 621_650000000000000_MAN_1977  |7 0  |8 A  |9 319198  |a BIBMEC  |b BIBMEC  |d 2019-11-20  |i 1327542  |l 1  |o 621.65 MAN 1977  |p 1327542  |r 2024-01-19  |s 2023-09-29  |w 2019-11-20  |y BK  |k MEC